采用标准轨距的铁路系统 扫雷模式 Railway systems with standard gauge - Sudden Death - Statistics

General Stats
  • This quiz has been taken 29 times
  • The average score is 4 of 16
Answers on the Grid
Answers color-coded by a green-red scale on the quiz's grid according to % correct below.
英国HS2高铁
英国普速铁路
法国普速铁路
法国TGV高铁
西班牙AVE高铁
西班牙普速铁路
德国普速铁路
德国ICE高铁
俄罗斯铁路
爱尔兰/北爱尔兰铁路
印度铁路
越南泰国马来铁路
印尼普速铁路
台湾环岛普速铁路
台湾高铁
朝鲜/韩国铁路
日本普速铁路
日本新干线高铁
芬兰铁路
挪威/瑞典铁路
美国铁路
加拿大铁路
巴西铁路
蒙古铁路
乌兹别克斯坦高铁
土耳其铁路
坦赞铁路
援建肯尼亚蒙内铁路
波兰铁路
乌克兰铁路
 
Answer Stats
Answer % Correct
台湾高铁
50%
日本新干线高铁
50%
援建肯尼亚蒙内铁路
38%
美国铁路
31%
英国HS2高铁
31%
德国ICE高铁
31%
西班牙AVE高铁
25%
法国TGV高铁
25%
英国普速铁路
19%
加拿大铁路
19%
朝鲜/韩国铁路
13%
土耳其铁路
13%
波兰铁路
13%
法国普速铁路
6%
德国普速铁路
0%
挪威/瑞典铁路
0%
No matching quizzes found
Score Distribution
Percent of People with Each Score
Percentile by Number Answered
Your Score History
You have not taken this quiz